LEADER 03322nam 2200793Ia 450 001 9910829105603321 005 20200520144314.0 010 $a9786612490927 010 $a9781282490925 010 $a1282490923 010 $a9781118258170 010 $a1118258177 010 $a9780470588918 010 $a0470588918 035 $a(CKB)2550000000007182 035 $a(EBL)484885 035 $a(OCoLC)593273999 035 $a(SSID)ssj0000340180 035 $a(PQKBManifestationID)11233221 035 $a(PQKBTitleCode)TC0000340180 035 $a(PQKBWorkID)10387267 035 $a(PQKB)10604025 035 $a(MiAaPQ)EBC484885 035 $a(Au-PeEL)EBL484885 035 $a(CaPaEBR)ebr10360984 035 $a(CaONFJC)MIL249092 035 $a(PPN)156843978 035 $a(OCoLC)433549774 035 $a(FINmELB)ELB178860 035 $a(FR-PaCSA)88944071 035 $a(FRCYB88944071)88944071 035 $a(iGPub)WILEYB0001795 035 $a(EXLCZ)992550000000007182 100 $a20090817d2010 uy 0 101 0 $aeng 135 $aurcn||||||||| 181 $ctxt 182 $cc 183 $acr 200 10$aMastering corporate finance essentials $ethe critical quantitative methods and tools in finance /$fStuart A. McCrary 205 $a1st ed. 210 $aHoboken, NJ $cWiley$dc2010 215 $a1 online resource (190 p.) 225 1 $aWiley finance series 300 $aIncludes index. 311 08$a9780470393338 311 08$a0470393335 320 $aIncludes bibliographical references and index. 327 $aMastering Corporate Finance Essentials: The Critical Quantitative Methods and Tools in Finance; Contents; Preface; Acknowledgments; Chapter 1: Time Value of Money Toolbox; Chapter 2: Statistics for Finance; Chapter 3: Core Finance Theories and the Cost of Capital; Chapter 4: Capital Budgeting Tools; Chapter 5: Techniques for Handling Uncertainty; Chapter 6: Real Option Analysis of Capital Investments; Chapter 7: Day Counting for Interest Rate Calculations; Questions and Answers; About the Author; Index 330 $aAn essential guide to corporate finance Understanding corporate finance is a necessity for financial practitioners who struggle every day to find the right balance between maximizing corporate value and reducing a firm's financial risk. Divided into two comprehensive parts, Mastering Corporate Finance Essentials presents the material by example, using an extended scenario involving a new business formation. In Part One, present and future value mathematics are introduced followed by a number of applications using the tools. In Part Two, statistics as applied to finance are 410 0$aWiley finance series. 606 $aCorporations$xFinance 606 $aBusiness enterprises$xFinance 606 $aCapital budget 606 $aCapital investments 615 0$aCorporations$xFinance. 615 0$aBusiness enterprises$xFinance. 615 0$aCapital budget. 615 0$aCapital investments. 676 $a657 676 $a658.15 700 $aMcCrary$b Stuart A$01615875 801 0$bMiAaPQ 801 1$bMiAaPQ 801 2$bMiAaPQ 906 $aBOOK 912 $a9910829105603321 996 $aMastering corporate finance essentials$93946282 997 $aUNINA